00720cam a2200229 a 4500001000800000005001700008008004100025010001700066020001500083040001800098041000800116080001600124082002000140100000700160101000800167245009600175504003000271906004500301942001200346999001700358952011500375135613820180223075551.0810803s1981 pau b 001 0 eng  a 80053924  a0030576741 aDLCcDLCdDLC aeng a790.023 KRA00a790.023 KRA2191 a54 aLID10aRecreation leadership and supervision :cRichard G. Kraus, Gay Carpenter, Barbara J. Bates. aBibliography: p. 354-359. a7bcbccorignewd2eocipf19gy-gencatlg 2ddccBK c43276d43276 00102udc40708PËKGa002b002cPËKGd2018-02-23l0o790.023 KRAp002-2999557r2018-02-23w2018-02-23yBK